Visualizzazione normale
Vista MARC
- Icilio Felici
di Personal Name
Records bibliografici associati: 1
001 - CONTROL NUMBER
- control field: 28076
003 - CONTROL NUMBER IDENTIFIER
- control field: IT-RoPau
005 - DATE AND TIME OF LATEST TRANSACTION
- control field: 20140530173407.0
008 - FIXED-LENGTH DATA ELEMENTS
- fixed length control field: 140530|| aca||aabn | a|a d
040 ## - CATALOGING SOURCE
- Original cataloging agency: IT-RoPau
- Transcribing agency: IT-RoPau
100 ## - HEADING--PERSONAL NAME
- Personal name: Icilio Felici
670 ## - SOURCE DATA FOUND
- Source citation: Work cat.: (IT-RoPau)18636: Icilio Felici, Attualità delle Beatitudini, 1946